01279nam a2200325Ia 4500001001200000003000800012006001900020007001500039008004100054010001700095020002800112020002100140020001800161040002100179035002100200050002300221100002500244245012100269260004900390300001600439504004100455533015200496650004000648650004500688650003300733655002900766710001700795856012600812999001500938ebr10278681CaPaEBRm u cr cn|||||||||891221s1989 nyu sb 000 0 eng d z 88001506  z0195055047 (alk. paper) z0195072669 (pbk) z9780195072662 aCaPaEBRcCaPaEBR a(OCoLC)25254504414aBL785b.C27 1989eb1 aCaldwell, Richard S.14aThe origin of the godsh[electronic resource] :ba psychoanalytic study of Greek theogonic myth /cRichard Caldwell. aNew York :bOxford University Press,cc1989. axvi, 206 p. aIncludes bibliographical references. aElectronic reproduction.bPalo Alto, Calif. :cebrary,d2009.nAvailable via World Wide Web.nAccess may be limited to ebrary affiliated libraries. 0aGods, GreekxPsychological aspects. 0aMythology, GreekxPsychological aspects. 0aPsychoanalysis and religion. 7aElectronic books.2local2 aebrary, Inc.40uhttp://site.ebrary.com/lib/rucke/Doc?id=10278681zAn electronic book accessible through the World Wide Web; click to view c4318d4318